000 00308nam a2200133Ia 4500
100 _aRadhakrishnan /V.M
942 _cBK
654 _aWelding
245 _aWelding technology and design
260 _bNew Age Int (P) Ltd
_aNew Delhi
_c2002
082 _a671.52
_bRAD
300 _a541
546 _aENGLISH
999 _c28112
_d28112